000 00823nam a2200265 a 4500
001 21105
003 BD-RjUL
005 20211209000641.0
008 140303r19821975nyua b 001 0 eng
020 _a0879010479
035 _a(BD-RjUL)21169
040 _aDLC
_cMDY
_dMCL
_dTVJ
_dm.c
_dOCL
_dBD-RjUL
_beng
041 _aeng
082 _a572
_bLEB 1979
_223
100 1 _aLehninger, Albert L.
_935933
245 1 0 _aBiochemistry :
_bthe molecular basis of cell structure and function /
_cAlbert L. Lehninger.
250 _a2nd ed.
260 _aNew York :
_bWorth Publishers,
_c1970 [reprinted 1979,1988]
300 _axxiii, 1104 p. :
_bill. ;
_c29 cm.
500 _aPrevious ed.: 1970.
504 _aIncludes bibliographies and index.
650 0 _aBiochemistry.
_965226
942 _2ddc
_cBK
999 _c21105
_d21105